| 000 | 00756nam a22002175i 4500 | ||
|---|---|---|---|
| 001 | 161659 | ||
| 003 | ES-MaACL | ||
| 005 | 20251003063141.0 | ||
| 008 | 001020m1854 fr a |||| | fre d | ||
| 040 |
_aEXT _bspa _cEXT |
||
| 100 | 1 |
_aPelouze, Jules, _d1807-1867 _9152210 |
|
| 245 | 1 | 0 |
_aAbrégé de chimie / _cpar J. Pelouze, E. Fremy. |
| 250 | _a3éme. éd. | ||
| 260 |
_aParis : _bLibrairie de Victor Masson, _c1854 ( _fTyp. et stér. de Creté) |
||
| 300 |
_a2 v. : _bil. ; _c23 cm. |
||
| 597 | _aT.I. (VI, 275, 216 p.) -- T.II. (VI, p. 217-452) -- T.III. (350 p.) | ||
| 650 | 0 | 7 |
_aQuímica _2embne _916625 |
| 700 | 1 |
_aFremy, Edmond. _952501 |
|
| 852 |
_aES-MaACL _jG-3805-06 _z-- Enc. hol. _q-- Sólo T. I-II |
||
| 999 |
_c161659 _d161659 |
||